000
00300nam a2200121Ia 4500
008
241028s9999 xx 000 0 und d
041
_a
eng
082
_a
332.63 PAR
100
_a
Parameswaran
245
_a
Fixed Income Securities
260
_b
Wiley India
_a
New Delhi
_c
2023
300
_a
183;. P. 27 cm
999
_c
43042
_d
43042